[Event "Stay Safe Play From Home 306"]
[Site "Emanuel Lasker Arena"]
[Date "2020.07.15"]
[Round "1"]
[White "Ionelluca"]
[Black "Möwe"]
[Result "1-0"]
[WhiteElo "1937"]
[BlackElo "1665"]
[Annotator "TA"]
[PlyCount "107"]
[EventDate "2020.07.15"]
[EventType "swiss (blitz)"]

{[%evp 9,106,57,57,52,79,86,80,68,58,79,127,84,86,56,70,15,22,18,35,27,108,108,108,106,111,104,118,81,114,82,80,72,82,74,112,95,114,96,96,96,116,68,85,45,61,28,74,19,25,19,20,12,29,0,0,0,477,477,606,531,924,895,1285,1174,2482,2085,1842,1798,29976,29977,29975,29978,29979,29979,29988,29989,29988,29980,29981,29982,29989,29990,29992,29991,29993,29994,29995,29996,29996,29997,29997,29997,29998,29995,29995,29994,29995,29996,29999]} 1. e4 d5 2. exd5 Qxd5 3. h3 e5 4. Nc3 Qa5 5. Bc4 Nf6 6. d3 {B01: Scandinavian Defence.} Bb4 7. Bd2 O-O {[#]} 8. Nf3 $146 {White is better.} ({Predecessor:} 8. a3 Bxc3 9. Bxc3 Qb6 10. Qd2 a5 11. Nf3 Nbd7 12. O-O-O e4 13. Ng5 Qc6 14. Ba2 {1-0 (43) Mader,M (2002)-Laake,J (1941) Willingen 2005}) 8... c6 9. O-O Nbd7 10. Re1 Qc7 11. a3 Bd6 12. Ne4 (12. Ng5 $14) 12... Nxe4 $11 13. dxe4 Nb6 14. Bb3 (14. Ba2 {seems wilder.} Na4 15. c4 Nb6 16. Nh4 Bc5 17. Nf5) 14... Be6 (14... Nd7 $11 {keeps the balance.}) 15. Bxe6 $16 fxe6 16. Ba5 Rad8 17. Qe2 Qe7 18. b4 Bc7 19. Bxb6 Bxb6 20. Rad1 Qf6 21. Rxd8 Bxd8 22. Rd1 Bb6 23. c3 h6 24. a4 a5 25. bxa5 Bxa5 26. Qc4 Kh7 27. Rd7 b5 28. Qxc6 ({White should try} 28. axb5 $16 cxb5 29. Qc5 (29. Qxb5 Bxc3 30. Qc5 Bb2 $14)) 28... bxa4 $11 29. Qxa4 Bxc3 30. Qc6 $36 {[%mdl 2048] White has the initiative.} Bd4 31. Rd6 Rb8 {( -> ...Rb1+)} (31... Qf4 $5 32. Rd7 $8 (32. Rxe6 $2 Rb8 $19) 32... Kh8 $11) 32. Qc1 Rb2 $2 {[%mdl 8192] [#] White now steadily converts the win.} (32... Qe7 $11 {and Black has nothing to worry.} 33. Rc6 Qf6) 33. Rxd4 $1 $18 {[%mdl 576] Remove Defender} exd4 34. Qxb2 e5 35. Qb5 Qf4 36. Qxe5 Qc1+ 37. Kh2 d3 38. Qf5+ Kg8 39. Qd5+ {White mates.} Kh7 40. Qxd3 Qf4+ 41. g3 Qc1 42. e5+ Kg8 43. Kg2 Qc6 44. Qd6 Qe4 45. e6 h5 46. Qd8+ Kh7 47. e7 h4 48. e8=Q Qxe8 49. Qxe8 hxg3 50. Ng5+ Kh6 51. Kxg3 Kxg5 52. f4+ Kh6 53. f5 {[%csl Gf5][%cal Re8g6]} Kg5 54. Qg6# {Accuracy: White = 62%, Black = 56%.} 1-0

[Event "Stay Safe Play From Home 306"]
[Site "Emanuel Lasker Arena"]
[Date "2020.07.15"]
[Round "1"]
[White "Sadbat1122"]
[Black "Chesstiger9"]
[Result "0-1"]
[WhiteElo "1677"]
[BlackElo "1966"]
[Annotator "NA RC"]
[PlyCount "122"]
[EventDate "2020.07.15"]
[EventType "swiss (blitz)"]

1. e4 {[%emt 0:00:02]} c5 {[%emt 0:00:04]} 2. c3 {[%emt 0:00:02]} e6 {[%emt 0:00:01]} 3. d4 {[%emt 0:00:02]} d5 {[%emt 0:00:02]} 4. dxc5 {[%emt 0:00:02]} Bxc5 {[%emt 0:00:01]} 5. exd5 {[%emt 0:00:02]} exd5 {[%emt 0:00:00]} 6. Nf3 {[%emt 0:00:05]} Nc6 {[%emt 0:00:03]} 7. Bb5 {[%emt 0:00:03]} Nge7 {[%emt 0:00:02]} 8. O-O {[%emt 0:00:03]} O-O {[%emt 0:00:02]} 9. Bg5 {[%emt 0:00:13]} f6 {[%emt 0:00:12]} 10. Be3 {[%emt 0:00:10]} Bxe3 {[%emt 0:00:02]} 11. fxe3 {[%emt 0:00:02]} Qb6 {[%emt 0:00:01]} 12. Bxc6 {[%emt 0:00:04]} bxc6 {[%emt 0:00:08]} 13. Qd2 {[%emt 0:00:02]} Nf5 {[%emt 0:00:06]} 14. Nd4 {[%emt 0:00:05]} Nd6 {[%emt 0:00:06]} 15. Na3 {[%emt 0:00:06]} Ne4 {[%emt 0:00:03]} 16. Qc2 {[%emt 0:00:04]} Bd7 {[%emt 0:00:11]} 17. c4 {[%emt 0:00:06]} Rae8 {[%emt 0:00:14]} 18. Rab1 {[%emt 0:00:10]} a5 {[%emt 0:00:06]} 19. cxd5 {[%emt 0:00:10]} cxd5 {[%emt 0:00:02]} 20. Qd3 {[%emt 0:00:16]} Nc5 {[%emt 0:00:08]} 21. Qd2 {[%emt 0:00:03]} Ne4 {[%emt 0:00:06]} 22. Qd3 {[%emt 0:00:02]} Bc8 {[%emt 0:00:01]} 23. Rfc1 {[%emt 0:00:13]} Ba6 {[%emt 0:00:08]} 24. Qb3 {[%emt 0:00:09]} Qxb3 {[%emt 0:00:07]} 25. Nxb3 {[%emt 0:00:07]} Rc8 {[%emt 0:00:10]} 26. Rxc8 {[%emt 0:00:05]} Rxc8 {[%emt 0:00:02]} 27. Nxa5 {[%emt 0:00:02]} Kf8 {[%emt 0:00:26]} 28. Nb3 {[%emt 0:00:06]} Rb8 {[%emt 0:00:08]} 29. Rc1 {[%emt 0:00:03]} Nd6 {[%emt 0:00:05]} 30. Rc6 {[%emt 0:00:03]} Nc4 {[%emt 0:00:33]} 31. Rxa6 {[%emt 0:00:03]} Nxb2 {[%emt 0:00:01]} 32. Nc2 {[%emt 0:00:06]} Nc4 {[%emt 0:00:06]} 33. Kf2 {[%emt 0:00:08]} Ne5 {[%emt 0:00:07]} 34. h3 {[%emt 0:00:05]} Rc8 {[%emt 0:00:02]} 35. Ncd4 {[%emt 0:00:02]} Nc4 {[%emt 0:00:06]} 36. Ra7 {[%emt 0:00:08]} Re8 {[%emt 0:00:02]} 37. Nf5 {[%emt 0:00:09]} g6 {[%emt 0:00:08]} 38. Nfd4 {[%emt 0:00:20]} Nxe3 {[%emt 0:00:07]} 39. Rxh7 {[%emt 0:00:05]} Nd1+ {[%emt 0:00:09]} 40. Kg1 {[%emt 0:00:10]} Kg8 {[%emt 0:00:01]} 41. Rd7 {[%emt 0:00:03]} Nc3 {[%emt 0:00:03]} 42. a4 {[%emt 0:00:04]} Nxa4 {[%emt 0:00:02]} 43. Rxd5 {[%emt 0:00:02]} Nc3 {[%emt 0:00:01]} 44. Rd6 {[%emt 0:00:02]} Ne4 {[%emt 0:00:01]} 45. Re6 {[%emt 0:00:02]} Rxe6 {[%emt 0:00:05]} 46. Nxe6 {[%emt 0:00:01]} Kf7 {[%emt 0:00:00]} 47. Nf4 {[%emt 0:00:01]} g5 {[%emt 0:00:02]} 48. Nd5 {[%emt 0:00:02]} f5 {[%emt 0:00:03]} 49. Ne3 {[%emt 0:00:01]} f4 {[%emt 0:00:01]} 50. Ng4 {[%emt 0:00:01]} Kg6 {[%emt 0:00:04]} 51. Nd4 {[%emt 0:00:02]} Nd2 {[%emt 0:00:02]} 52. Kf2 {[%emt 0:00:02]} Nc4 {[%emt 0:00:01]} 53. Kf3 {[%emt 0:00:02]} Nd6 {[%emt 0:00:01]} 54. Ne5+ {[%emt 0:00:03]} Kf6 {[%emt 0:00:02]} 55. Nd3 {[%emt 0:00:04]} Nc4 {[%emt 0:00:01]} 56. Nc2 {[%emt 0:00:12]} Nd2+ {[%emt 0:00:02]} 57. Kg4 {[%emt 0:00:04]} Nc4 {[%emt 0:00:02]} 58. Kf3 {[%emt 0:00:06]} Nd2+ {[%emt 0:00:01]} 59. Kg4 {[%emt 0:00:01]} Nc4 {[%emt 0:00:01]} 60. Kh5 {[%emt 0:00:01]} Ne3 {[%emt 0:00:03]} 61. Kh6 {[%emt 0:00:01]} Nxc2 {[%emt 0:00:01] Time (Lag: Av=1.29s, max=1.9s)} 0-1

[Event "Stay Safe Play From Home 306"]
[Site "Emanuel Lasker Arena"]
[Date "2020.07.15"]
[Round "1"]
[White "Timbre"]
[Black "Haris kollari 13"]
[Result "0-1"]
[WhiteElo "1534"]
[BlackElo "1916"]
[Annotator "NA RC"]
[PlyCount "44"]
[EventDate "2020.07.15"]
[EventType "swiss (blitz)"]

1. d4 {[%emt 0:00:06]} d5 {[%emt 0:00:02]} 2. Nf3 {[%emt 0:00:03]} c5 {[%emt 0:00:01]} 3. c3 {[%emt 0:00:01]} Nc6 {[%emt 0:00:01]} 4. Bf4 {[%emt 0:00:02]} Bg4 {[%emt 0:00:02]} 5. e3 {[%emt 0:00:01]} f6 {[%emt 0:00:01]} 6. Be2 {[%emt 0:00:01]} Bh5 {[%emt 0:00:09]} 7. Nbd2 {[%emt 0:00:02]} Bf7 {[%emt 0:00:03]} 8. O-O {[%emt 0:00:05]} h5 {[%emt 0:00:01]} 9. h3 {[%emt 0:00:02]} g5 {[%emt 0:00:02]} 10. Bg3 {[%emt 0:00:06]} h4 {[%emt 0:00:03]} 11. Bh2 {[%emt 0:00:02]} g4 {[%emt 0:00:01]} 12. hxg4 {[%emt 0:00:02]} h3 {[%emt 0:00:07]} 13. g3 {[%emt 0:00:08]} Qd7 {[%emt 0:00:06]} 14. dxc5 {[%emt 0:00:02]} e5 {[%emt 0:00:02]} 15. Nb3 {[%emt 0:00:04]} O-O-O {[%emt 0:00:02]} 16. c4 {[%emt 0:00:05]} dxc4 {[%emt 0:00:10]} 17. Bxc4 {[%emt 0:00:03]} Bxc4 {[%emt 0:00:03]} 18. Qc2 {[%emt 0:00:03]} Bd3 {[%emt 0:00:06]} 19. Qc3 {[%emt 0:00:04]} Qxg4 {[%emt 0:00:02]} 20. Ne1 {[%emt 0:00:08]} Bxf1 {[%emt 0:00:02]} 21. Kxf1 {[%emt 0:00:03]} Qb4 {[%emt 0:00:04]} 22. Qxb4 {[%emt 0:00:03]} Nxb4 {[%emt 0:00:02]} 0-1

[Event "Stay Safe Play From Home 306"]
[Site "Emanuel Lasker Arena"]
[Date "2020.07.15"]
[Round "2"]
[White "Dukic"]
[Black "Timbre"]
[Result "1-0"]
[WhiteElo "1967"]
[BlackElo "1531"]
[Annotator "TA"]
[PlyCount "83"]
[EventDate "2020.07.15"]
[EventType "swiss (blitz)"]

{[%evp 20,83,16,11,15,15,11,11,21,14,41,24,57,54,54,50,53,48,75,83,69,66,100,70,91,85,92,58,69,66,193,194,197,120,117,56,72,59,64,64,116,38,44,10,53,0,56,38,60,53,45,51,56,31,39,16,21,13,73,60,1022,973,1920,1891,1792,843]} 1. c4 c6 2. Nc3 d5 3. cxd5 cxd5 4. d4 Nf6 5. Nf3 Nc6 6. Bf4 a6 7. e3 Bg4 8. h3 Bxf3 9. Qxf3 e6 10. Bd3 Bd6 11. Bg5 Be7 {D13: Slav Defence: Exchange variation without ...Bf5.} 12. O-O h6 13. Bh4 {[#]} Nd7 $146 {The position is equal.} ({Predecessor:} 13... Nb4 14. Be2 O-O 15. a3 Nc6 16. Bd3 Rc8 17. Rfc1 Na5 {½-½ (39) De Oliveira,J (2573)-Manso Gil,A (2574) GER email 2017}) 14. Bg3 Nf6 (14... Rc8 {looks sharper.} 15. Rfc1 O-O 16. Qd1 Nb4 17. Bb1 Nf6) 15. Rac1 Bd6 16. Bh4 Be7 17. Na4 Nd7 18. Bg3 Nf6 19. Nc5 Bxc5 20. Rxc5 Qb6 21. b3 Qd8 22. Rfc1 Qe7 23. Bb1 O-O 24. Qe2 e5 (24... Ne4 $14) 25. dxe5 $18 Nxe5 26. Qc2 (26. Rc7 $18 Qe6 27. Qb2 (27. Rxb7 Rfc8 $18)) 26... Nc6 $16 27. Bh4 ({Better is} 27. Rxd5 $16 {Black must now prevent Bd6.} Nb4 28. Bd6 {[%mdl 64] Skewer} Nxc2 29. Bxe7 Nxd5 30. Bxf8) 27... g6 $14 28. Qb2 g5 29. Bg3 Ne4 (29... Qe6 $14) 30. Bxe4 ({White should try} 30. Rxd5 $16 {Threatens to win with Rxc6!} Nxg3 31. fxg3) 30... Qxe4 31. Qd2 {White wants to play f3.} Rad8 32. Rd1 (32. Bc7 $14) 32... Ne7 (32... d4 $11 33. Rc4 b5) 33. f3 Qe6 $1 34. Rc7 $36 {[%mdl 2048] White has good play.} Nf5 35. Bf2 b5 36. Qc3 Rc8 37. Rxc8 Rxc8 38. Qd3 Rd8 (38... Ne7 $1 $11) 39. e4 $16 dxe4 $2 {[%mdl 8192] [#]} (39... Ne7 $14) 40. Qxd8+ $18 {White is clearly winning.} Kg7 41. fxe4 Qxe4 42. Qd5 {Accuracy: White = 60%, Black = 53%.} 1-0

[Event "Stay Safe Play From Home 306"]
[Site "Emanuel Lasker Arena"]
[Date "2020.07.15"]
[Round "2"]
[White "Ionelluca"]
[Black "Tunca"]
[Result "1-0"]
[WhiteElo "1943"]
[BlackElo "1709"]
[Annotator "TA"]
[PlyCount "109"]
[EventDate "2020.07.15"]
[EventType "swiss (blitz)"]

{[%evp 11,109,1,14,3,21,-6,33,0,12,0,0,0,0,-9,22,18,142,160,171,157,177,85,87,0,0,0,0,-67,-56,-66,-83,-323,-293,-304,-156,-146,-154,-148,-117,-238,-230,-258,-214,-275,-272,-271,-232,-352,-342,-346,-312,-396,0,0,246,260,263,244,283,283,375,189,202,6,6,0,182,52,72,77,74,40,43,8,86,27,39,87,231,200,1452,1441,1777,1730,1551,1583,4706,4710,29986,29987,29986,29987,29989,29990,29995,29996,29997,29997,29997,29996]} 1. c4 e5 2. Nc3 Nf6 3. g3 d5 4. cxd5 Nxd5 5. Bg2 Nb6 6. d3 Nc6 7. Be3 {A22: English Opening: 1...e5 2 Nc3 Nf6.} Be6 8. Rc1 Be7 9. Nf3 {White is slightly better.} Nd5 10. Bd2 O-O 11. O-O Qd7 12. Ne4 {[#]} Bh3 $146 ({Predecessor:} 12... Rad8 13. a3 Bh3 14. Bxh3 Qxh3 15. Qb3 Qc8 16. Bg5 Bxg5 17. Nexg5 h6 18. Ne4 Rfe8 {1-0 (38) Macieja,B (2639)-Paramos Dominguez,R (2448) Burguillos 2010}) 13. Nc5 Qc8 (13... Bxc5 $1 $11 14. Rxc5 Bxg2 15. Kxg2 Qd6) 14. Bxh3 $16 Qxh3 15. Nxb7 Nd4 16. Nxd4 ({Resist} 16. Nxe5 $6 Qh5 $16) (16. e3 $18 Nxf3+ 17. Qxf3) 16... exd4 17. Qb3 (17. Nc5 $16) 17... Nf6 $11 {( -> ...Ng4)} 18. f3 Rab8 $40 {[%mdl 128] White must now prevent ...Qc8. White needs to defend precisely.} 19. Bf4 ({Much weaker is} 19. Rxc7 Bd6 $15) (19. Ba5 $1 $11) 19... Bd6 $1 $15 {[%cal Rd6f4]} 20. Bxd6 cxd6 21. Rc6 $2 (21. Rc7 $17) 21... Qd7 $1 $19 {[%csl LRb7,LRc6][%mdl 64] Double Attack} 22. Rxd6 Qxb7 (22... Qe7 $19 23. Qb4 Rxb7 24. Qxd4 Qxe2) 23. Qxb7 $17 Rxb7 24. b3 Rd7 25. Rc6 (25. Rxd7 $17 Nxd7 26. Rc1) 25... Nd5 $19 26. Rfc1 Nc3 27. Kf2 Re8 28. Rc2 Rde7 29. Kf1 (29. e4 $142) 29... Nxe2 30. R2c4 h6 31. b4 Rd7 $2 (31... Nc3 $19 32. Rxd4 Re1+ 33. Kg2 R8e2+ 34. Kh3 Nd1) 32. Rc8 $11 Rxc8 $2 (32... Rde7 $11 {and Black is okay.} 33. Rxe8+ Rxe8) 33. Rxc8+ $18 Kh7 {Threatens to win with ...Nc3.} 34. Kxe2 {[%mdl 4096] Endgame KR-KR} Re7+ 35. Kd2 Re3 36. Rd8 (36. Rc7 $142) 36... Rxf3 {[#]} 37. Ke2 $2 ({Weaker is} 37. Rxd4 Rf2+ 38. Kc3 Rxa2 $14) (37. a4 $1 $18) 37... Re3+ $11 38. Kd2 $2 (38. Kd1 $11) 38... Rf3 $18 {[#]} 39. Rxd4 (39. a4 $1 $18) 39... Rf2+ $14 {[%mdl 64] Double Attack} 40. Kc3 Rxa2 41. Rd7 Kg6 42. h4 h5 (42... Ra1 $11 {keeps the balance.}) 43. d4 ({White should play} 43. Rd6+ $16 f6 44. Rd7) 43... Ra3+ 44. Kc4 Rxg3 (44... Kf6 $16 {keeps fighting.}) 45. Rxa7 $18 {Strongly threatening b5.} Rg4 $2 (45... Rg1 46. b5 Rc1+ 47. Kb4 f5) 46. b5 Rg1 47. b6 Rb1 48. b7 f5 49. Kc5 f4 50. Ra6+ {White mates.} Kf5 51. Rb6 Rc1+ 52. Kd5 f3 53. b8=Q f2 54. Qf8+ Kg4 55. Qxf2 {A wild game. Accuracy: White = 42%, Black = 42%.} 1-0

[Event "Stay Safe Play From Home 306"]
[Site "Emanuel Lasker Arena"]
[Date "2020.07.15"]
[Round "2"]
[White "Haris kollari 13"]
[Black "Chesstiger9"]
[Result "0-1"]
[WhiteElo "1919"]
[BlackElo "1972"]
[Annotator "NA RC"]
[PlyCount "66"]
[EventDate "2020.07.15"]
[EventType "swiss (blitz)"]

1. e4 {[%emt 0:00:01]} g6 {[%emt 0:00:02]} 2. f4 {[%emt 0:00:01]} Bg7 {[%emt 0:00:01]} 3. Nf3 {[%emt 0:00:01]} d6 {[%emt 0:00:02]} 4. d4 {[%emt 0:00:01]} Nf6 {[%emt 0:00:02]} 5. Bd3 {[%emt 0:00:01]} O-O {[%emt 0:00:01]} 6. h3 {[%emt 0:00:01]} Na6 {[%emt 0:00:05]} 7. c3 {[%emt 0:00:01]} c5 {[%emt 0:00:01]} 8. d5 {[%emt 0:00:01]} Nc7 {[%emt 0:00:04]} 9. O-O {[%emt 0:00:04]} b5 {[%emt 0:00:01]} 10. b3 {[%emt 0:00:02]} Rb8 {[%emt 0:00:02]} 11. c4 {[%emt 0:00:02]} bxc4 {[%emt 0:00:02]} 12. bxc4 {[%emt 0:00:02]} Na6 {[%emt 0:00:04]} 13. Bd2 {[%emt 0:00:09]} Nxe4 {[%emt 0:00:03]} 14. Bxe4 {[%emt 0:00:02]} Bxa1 {[%emt 0:00:01]} 15. Bc3 {[%emt 0:00:03]} Rxb1 {[%emt 0:00:07]} 16. Qxb1 {[%emt 0:00:03]} Bxc3 {[%emt 0:00:01]} 17. Ng5 {[%emt 0:00:03]} Bd4+ {[%emt 0:00:13]} 18. Kh1 {[%emt 0:00:01]} f5 {[%emt 0:00:03]} 19. Bd3 {[%emt 0:00:06]} Qb6 {[%emt 0:00:02]} 20. Qd1 {[%emt 0:00:04]} Bf6 {[%emt 0:00:06]} 21. Nf3 {[%emt 0:00:04]} Nb4 {[%emt 0:00:02]} 22. Bb1 {[%emt 0:00:01]} Ba6 {[%emt 0:00:02]} 23. Qe2 {[%emt 0:00:03]} Kh8 {[%emt 0:00:11]} 24. a3 {[%emt 0:00:01]} Nxd5 {[%emt 0:00:02]} 25. Qe6 {[%emt 0:00:05]} Nxf4 {[%emt 0:00:03]} 26. Qd7 {[%emt 0:00:08]} Bxc4 {[%emt 0:00:08]} 27. Re1 {[%emt 0:00:06]} Qb2 {[%emt 0:00:06]} 28. Rg1 {[%emt 0:00:09]} Bd5 {[%emt 0:00:06]} 29. h4 {[%emt 0:00:14]} Bxf3 {[%emt 0:00:06]} 30. gxf3 {[%emt 0:00:01]} Qf2 {[%emt 0:00:01]} 31. Bxf5 {[%emt 0:00:09]} gxf5 {[%emt 0:00:11]} 32. Qxf5 {[%emt 0:00:02]} Qxh4+ {[%emt 0:00:01]} 33. Qh3 {[%emt 0:00:02]} Qxh3# {[%emt 0:00:01] (Lag: Av=0.58s, max=1.6s) Haris kollari 13 resigns} 0-1

[Event "Stay Safe Play From Home 306"]
[Site "Emanuel Lasker Arena"]
[Date "2020.07.15"]
[Round "2"]
[White "Möwe"]
[Black "Lazieri3"]
[Result "0-1"]
[WhiteElo "1659"]
[BlackElo "1985"]
[Annotator "TA"]
[PlyCount "88"]
[EventDate "2020.07.15"]
[EventType "swiss (blitz)"]

{[%evp 17,87,19,19,15,28,28,28,28,39,28,28,28,33,34,31,38,27,0,52,-18,48,-47,-46,-110,-100,-119,-72,-100,-97,-93,-105,-149,-141,-249,-174,-379,-399,-387,-246,-306,-219,-221,-131,-135,-140,-135,-121,-135,-135,-204,-198,-193,-192,-216,-198,-476,-466,-5173,-5165,-4810,-4806,-4802,-4802,-2266,-1925,-1432,-758,-29995,-29996,-29998,-29999,-29999]} 1. e4 c6 2. d4 d5 3. exd5 cxd5 4. Nf3 Nc6 5. Bd3 Nf6 6. c3 Bg4 7. O-O e6 8. Bg5 Be7 9. Nbd2 O-O 10. Qc2 {B13: Caro-Kann: Exchange Variation and Panov-Botvinnik Attack.} Bxf3 11. Nxf3 h6 12. Bh4 {[#] White has an edge.} Nd7 $146 ({Predecessor:} 12... a6 13. Rfe1 b5 14. Qe2 Nh5 15. Bxe7 Qxe7 16. g3 Nf6 17. Ne5 Rfc8 18. Rac1 Rc7 {1-0 (66) Cittadini,D (1938)-Bussa,P (1801) Lugano 2015}) 13. Bxe7 Nxe7 14. Rfe1 a6 15. Ne5 Nxe5 16. Rxe5 b5 17. Rae1 Rc8 (17... b4 $11) 18. Qb1 ({White should play} 18. Qd2 $14) 18... Qd6 ({Better is} 18... b4 $11) 19. Bf1 (19. a3 $14) 19... b4 $15 20. R1e3 (20. R5e3 $15) 20... bxc3 $17 21. bxc3 Ng6 22. Rxe6 fxe6 23. Qxg6 Rf6 24. Qg4 Rcf8 25. Rg3 (25. Re2 $17 {might work better.}) 25... Qc7 26. h3 $2 (26. Bxa6 {was worth a try.} e5 27. Bb5) 26... Rxf2 $19 27. Bd3 Qf7 28. Bg6 Rf1+ 29. Kh2 Qf4 (29... Qf6 $19 30. a4 a5) 30. Qxe6+ $17 Kh8 {And now ...Qc1 would win.} 31. Bd3 {[#] Threatens to win with Qg6.} Rh1+ $1 $40 {[%mdl 704] Deflection. White is in trouble.} 32. Kxh1 {White wants to mate with Qg6.} Qxg3 {[%mdl 4096] Endgame KQR-KQB} 33. Qe7 (33. Bxa6 $17 Qxc3 34. Qxd5) 33... Rb8 34. Qe2 a5 35. a4 Rf8 36. Bb5 $2 (36. Qe7 Rg8 37. Qe2) 36... Qxc3 $19 37. Qe7 (37. Qd1 $142) 37... Qc1+ 38. Kh2 Qf4+ {[%mdl 64] [#] Double Attack} 39. Kg1 Rc8 {( -> ...Rc1+)} 40. Bf1 Qxd4+ 41. Kh1 Qf2 42. Bb5 Rc1+ {Black mates.} 43. Kh2 Qf4+ 44. g3 Qf2# {Accuracy: White = 41%, Black = 62%.} 0-1

[Event "Stay Safe Play From Home 306"]
[Site "Emanuel Lasker Arena"]
[Date "2020.07.15"]
[Round "3"]
[White "Lazieri3"]
[Black "Haris kollari 13"]
[Result "0-1"]
[WhiteElo "1989"]
[BlackElo "1905"]
[Annotator "NA RC"]
[PlyCount "148"]
[EventDate "2020.07.15"]
[EventType "swiss (blitz)"]

1. e4 {[%emt 0:00:01]} e6 {[%emt 0:00:01]} 2. e5 {[%emt 0:00:01]} d5 {[%emt 0:00:06]} 3. exd6 {[%emt 0:00:02]} cxd6 {[%emt 0:00:01]} 4. d4 {[%emt 0:00:00]} d5 {[%emt 0:00:01]} 5. c3 {[%emt 0:00:01]} Nc6 {[%emt 0:00:01]} 6. Nf3 {[%emt 0:00:01]} Bd7 {[%emt 0:00:01]} 7. Bf4 {[%emt 0:00:02]} Nf6 {[%emt 0:00:03]} 8. Bd3 {[%emt 0:00:01]} a6 {[%emt 0:00:02]} 9. O-O {[%emt 0:00:01]} Be7 {[%emt 0:00:01]} 10. h3 {[%emt 0:00:01]} h6 {[%emt 0:00:01]} 11. Ne5 {[%emt 0:00:01]} Qb6 {[%emt 0:00:08]} 12. Nxd7 {[%emt 0:00:03]} Nxd7 {[%emt 0:00:02]} 13. Qb3 {[%emt 0:00:01]} g5 {[%emt 0:00:12]} 14. Qxb6 {[%emt 0:00:03]} Nxb6 {[%emt 0:00:02]} 15. Be3 {[%emt 0:00:05]} f5 {[%emt 0:00:02]} 16. f4 {[%emt 0:00:01]} O-O-O {[%emt 0:00:11]} 17. Nd2 {[%emt 0:00:03]} Rdg8 {[%emt 0:00:08]} 18. Rae1 {[%emt 0:00:07]} Kd7 {[%emt 0:00:01]} 19. Nf3 {[%emt 0:00:05]} g4 {[%emt 0:00:04]} 20. hxg4 {[%emt 0:00:01]} Rxg4 {[%emt 0:00:04]} 21. Kf2 {[%emt 0:00:12]} Rhg8 {[%emt 0:00:02]} 22. Rg1 {[%emt 0:00:01]} Na4 {[%emt 0:00:01]} 23. Re2 {[%emt 0:00:03]} b5 {[%emt 0:00:01]} 24. a3 {[%emt 0:00:02]} Bd6 {[%emt 0:00:18]} 25. g3 {[%emt 0:00:10]} Na5 {[%emt 0:00:18]} 26. Ne5+ {[%emt 0:00:03]} Bxe5 {[%emt 0:00:04]} 27. dxe5 {[%emt 0:00:05]} Nc4 {[%emt 0:00:02]} 28. Bxc4 {[%emt 0:00:02]} bxc4 {[%emt 0:00:01]} 29. Kf3 {[%emt 0:00:12]} Rb8 {[%emt 0:00:02]} 30. Rgg2 {[%emt 0:00:02]} Rb3 {[%emt 0:00:04]} 31. Bd4 {[%emt 0:00:02]} Rg8 {[%emt 0:00:04]} 32. Rh2 {[%emt 0:00:03]} Rg6 {[%emt 0:00:06]} 33. Be3 {[%emt 0:00:07]} Kc6 {[%emt 0:00:02]} 34. Bd4 {[%emt 0:00:01]} Nc5 {[%emt 0:00:06]} 35. Bxc5 {[%emt 0:00:01]} Kxc5 {[%emt 0:00:01]} 36. Rh4 {[%emt 0:00:02]} a5 {[%emt 0:00:04]} 37. Kf2 {[%emt 0:00:08]} d4 {[%emt 0:00:03]} 38. cxd4+ {[%emt 0:00:01]} Kxd4 {[%emt 0:00:01]} 39. Rd2+ {[%emt 0:00:02]} Rd3 {[%emt 0:00:03]} 40. Rxd3+ {[%emt 0:00:40]} cxd3 {[%emt 0:00:04]} 41. Rh1 {[%emt 0:00:09]} Kc4 {[%emt 0:00:06]} 42. Rc1+ {[%emt 0:00:07]} Kd4 {[%emt 0:00:05]} 43. Rc6 {[%emt 0:00:02]} Ke4 {[%emt 0:00:11]} 44. Rd6 {[%emt 0:00:06]} h5 {[%emt 0:00:04]} 45. b4 {[%emt 0:00:03]} axb4 {[%emt 0:00:02]} 46. axb4 {[%emt 0:00:00]} h4 {[%emt 0:00:01]} 47. gxh4 {[%emt 0:00:05]} Rg4 {[%emt 0:00:01]} 48. h5 {[%emt 0:00:53]} Rxf4+ {[%emt 0:00:01]} 49. Kg3 {[%emt 0:00:01]} Rf3+ {[%emt 0:00:03]} 50. Kg2 {[%emt 0:00:03]} Rf4 {[%emt 0:00:04]} 51. Kg3 {[%emt 0:00:08]} Rg4+ {[%emt 0:00:03]} 52. Kh3 {[%emt 0:00:01]} Ke3 {[%emt 0:00:04]} 53. h6 {[%emt 0:00:02]} Rxb4 {[%emt 0:00:02]} 54. Rxe6 {[%emt 0:00:04]} d2 {[%emt 0:00:11]} 55. Rd6 {[%emt 0:00:06]} Rb1 {[%emt 0:00:03]} 56. e6 {[%emt 0:00:10]} Rh1+ {[%emt 0:00:05]} 57. Kg2 {[%emt 0:00:01]} Rxh6 {[%emt 0:00:01]} 58. e7 {[%emt 0:00:00]} Rh8 {[%emt 0:00:03]} 59. Rd8 {[%emt 0:00:05]} Re8 {[%emt 0:00:11]} 60. Rxe8 {[%emt 0:00:03]} d1=Q {[%emt 0:00:01]} 61. Rd8 {[%emt 0:00:01]} Qg4+ {[%emt 0:00:03]} 62. Kf1 {[%emt 0:00:03]} Qh3+ {[%emt 0:00:09]} 63. Kg1 {[%emt 0:00:02]} Qg4+ {[%emt 0:00:07]} 64. Kf1 {[%emt 0:00:01]} Qf3+ {[%emt 0:00:14]} 65. Kg1 {[%emt 0:00:01]} Qf2+ {[%emt 0:00:02]} 66. Kh1 {[%emt 0:00:01]} Qh4+ {[%emt 0:00:01]} 67. Kg2 {[%emt 0:00:00]} Qxe7 {[%emt 0:00:01]} 68. Rd1 {[%emt 0:00:02]} Ke2 {[%emt 0:00:02]} 69. Ra1 {[%emt 0:00:02]} Qe4+ {[%emt 0:00:03]} 70. Kh3 {[%emt 0:00:00]} Qe3+ {[%emt 0:00:08]} 71. Kh2 {[%emt 0:00:00]} Qe5+ {[%emt 0:00:02]} 72. Kg2 {[%emt 0:00:00]} Qxa1 {[%emt 0:00:01]} 73. Kh3 {[%emt 0:00:00]} Qg1 {[%emt 0:00:01]} 74. Kh4 {[%emt 0:00:00]} Qg4# {[%emt 0:00:01] (Lag: Av=0.65s, max=0.9s)} 0-1